00574 2200205 4500001002100000005001500021035002000036007000300056008004100059020002400100082001000124084001700134100001900151245008400170250000600254260003500260300003500295650002200330990001600352INLIS00000000000202320260213081248 a0010-0226000033ta260213 g 0 ind  a979 - 97105 - 0 - 2 a959.8 a959.8 BON b0 aBondan Winarno1 aBerkibarlah Benderaku :bTradisi Pengibaran Bendera Pusaka /cToni Sri Agustono a- aJakarta :bTSA Komunika,c2002 a80 hlm. :bilus. ;c17 x 23 cm aSejarah Indonesia a00000016080